000 00751nam a2200241 a 4500
001 000000792
005 20250829063930.0
008 991125s1992 mx 000 0 spa u
020 _a9681844017
035 _aUPN01000016310
049 _aCG
050 4 _aLB1050.5
_bY6.38
100 1 _aYoung, Peter
245 1 1 _a¿Dislexia o analfabetismo :
_bel derecho de todos a leer /
_cPeter Young, Colin Tyre ; tr. Claudio M. Ardisson Pérez.
260 _aMéxico :
_bLimusa :
_bNoriega,
_c1992.
300 _a206 p.
590 _a(También localizas un ejemplar en el "Area de Reserva")
590 _aBibliografía Básica (BGTQ)
650 4 _aAnalfabetismo
_94901
650 2 _aDislexia
_97896
700 1 _aTyre, Colin,
_ecoaut.
905 _aLibro
999 _c16310
_d16310